The family and population control : (Record no. 34642)
[ view plain ]
| 000 -LEADER | |
|---|---|
| fixed length control field | 01228nam a22002772 4500 |
| 001 - CONTROL NUMBER | |
| control field | 34642 |
| 003 - CONTROL NUMBER IDENTIFIER | |
| rucl marc code | BD-RjUL |
| 005 - DATE AND TIME OF LATEST TRANSACTION | |
| control field | 20211209052206.0 |
| 008 - FIXED-LENGTH DATA ELEMENTS--GENERAL INFORMATION | |
| fixed length control field | 140518s1959 ctu 001 0 eng d |
| 035 ## - SYSTEM CONTROL NUMBER | |
| System control number | (OCoLC)ocm25562392 |
| -- | (BD-RjUL)34736 |
| 040 ## - CATALOGING SOURCE | |
| Original cataloging agency | BUQ |
| Transcribing agency | BUQ |
| Language of cataloging | eng |
| Modifying agency | BD-RjUL |
| 041 ## - LANGUAGE CODE | |
| Language code of text/sound track or separate title | eng |
| 082 ## - DEWEY DECIMAL CLASSIFICATION NUMBER | |
| Classification number | 306.85097295 |
| Author mark and year | HIF 1959 |
| 100 1# - MAIN ENTRY--PERSONAL NAME | |
| Personal name | Hill, Reuben |
| Dates associated with a name | 1912-1985 |
| 9 (RLIN) | 105382 |
| 245 14 - TITLE STATEMENT | |
| Title | The family and population control : |
| Remainder of title | a Puerto Rican experiment in social change / |
| Statement of responsibility, etc. | by Reuben Hill, J. Mayone Stycos, Kurt W. Back. |
| 260 ## - PUBLICATION, DISTRIBUTION, ETC. (IMPRINT) | |
| Place of publication, distribution, etc. | New Haven, Conn.: |
| Name of publisher, distributor, etc. | College & Univ. Press, |
| Date of publication, distribution, etc. | 1959. |
| 300 ## - PHYSICAL DESCRIPTION | |
| Pagination | xxvi, 481 p. ; |
| Size | 22 cm. |
| 500 ## - GENERAL NOTE | |
| General note | A Social Science Research Center Study, College of the Social Sciences, University of Puerto Rico, in cooperation with the Institute for Research in Social Science, Univ. of North Carolina. |
| 504 ## - BIBLIOGRAPHY, ETC. NOTE | |
| Bibliography, etc | Includes index. |
| 650 ## - SUBJECT ADDED ENTRY--TOPICAL TERM | |
| Topical term or geographic name as entry element | Families Puerto Rico |
| 9 (RLIN) | 105383 |
| 700 1# - ADDED ENTRY--PERSONAL NAME | |
| Personal name | Stycos, J. Mayone. |
| Personal name | Back, Kurt W. |
| 710 2# - ADDED ENTRY--CORPORATE NAME | |
| Corporate name or jurisdiction name as entry element | University of Puerto Rico (Río Piedras Campus). |
| Subordinate unit | Social Science Research Center. |
| 9 (RLIN) | 105385 |
| Corporate name or jurisdiction name as entry element | University of North Carolina (1793-1962). |
| Subordinate unit | Institute for Research in Social Science. |
| 9 (RLIN) | 105386 |
| 942 ## - ADDED ENTRY ELEMENTS (KOHA) | |
| Source of classification or shelving scheme | Dewey Decimal Classification |
| Koha item type | Books |
| Lost status | Source of classification or shelving scheme | Damaged status | Not for loan | Collection code | Permanent Location | Current Location | Shelving location | Date acquired | Source of acquisition | Cost, normal purchase price | Total Checkouts | Full call number | Date last seen | Copy number | Koha item type |
|---|---|---|---|---|---|---|---|---|---|---|---|---|---|---|---|
| Dewey Decimal Classification | Not For Loan | Non-fiction | Central Library, University of Rajshahi | Central Library, University of Rajshahi | Reading Room | 02/07/1965 | Popolation Council | 0.00 | 972.95 HIF 1959 | 18/05/2014 | C-1 | Books |